BIOGRAPHY OF INNOVATIONS (Record no. 30439)

MARC details
000 -LEADER
fixed length control field 00276nam a2200109Ia 4500
008 - FIXED-LENGTH DATA ELEMENTS--GENERAL INFORMATION
fixed length control field 240624s9999 xx 000 0 und d
041 ## - LANGUAGE CODE
Language code of text/sound track or separate title eng
082 ## - DEWEY DECIMAL CLASSIFICATION NUMBER
Classification number 658.4063 GOP
100 ## - MAIN ENTRY--PERSONAL NAME
Personal name GOPALKRISHNAN R
245 ## - TITLE STATEMENT
Title BIOGRAPHY OF INNOVATIONS
260 ## - PUBLICATION, DISTRIBUTION, ETC.
Place of publication, distribution, etc. Newzealand
Name of publisher, distributor, etc. Penguin Portfolio
Holdings
Withdrawn status Lost status Damaged status Not for loan Home library Current library Shelving location Date acquired Full call number Barcode Date last seen Price effective from Koha item type
        IMTN IMTN Rack 31-B 04/05/2018 658.4063 GOP 30439 06/24/2024 06/24/2024 Books
Designed & Maintained by: LRC IMT Nagpur Contact: lrc@imtnag.ac.in© 2024. All Rights Reserved.